LEADER 01338nam a2200289 i 4500 001 000000259118 003 CaOOAMICUS 005 20180704000000.0 008 180704s2018 it u000 u ita u 013 $a238026 020 $a978-88-311-8254-6 040 $aSeMil$bita 100 0 $aIoannes : Chrysostomus,$c.$0(OLS)http://semarc/name/1428 240 10$aContra eos qui subintroductas habent virgines.$0(OLS)http://semarc/title/413944 245 13$aLe coabitazioni /$cGiovanni Crisostomo ; introduzione, traduzione e note a cura di Domenico Ciarlo. 260 $aRoma :$bCittà Nuova,$c2018. 300 $a133 p. ;$c21 cm. 490 0 $aCollana di testi patristici ;$v254 650 4$aGiovanni : Crisostomo - Opere.$0(OLS)http://semarc/subject/2604 700 1 $aCiarlo, Domenico,$d<1972- >.$0(OLS)http://semarc/name/42181 830 0$aCollana di testi patristici ;$v254.$0(OLS)http://semarc/title/2 850 $aSeMil 852 $aSeMil$W1$xVenegono$y1$m2UA E 254$j228081$B209463$CSeMilBibl$Z2$F223121 $81 961 $aSottoscrizione: Città Nuova (Agente) 996 $6020$a978-88-311-8254-6$9(OLS)http://semarc/number/284711 996 $6245$aLe coabitazioni$9(OLS)http://semarc/title/413943 996 $6260$aRoma :$bCittà Nuova$9(OLS)http://semarc/publisher/29609 LEADER 01109nam a2200265 i 4500 001 000000049248 003 CaOOAMICUS 005 20041020000000.0 008 041020s1943 it u000 u ita u 013 $a20418 040 $aSeMil$bita 100 1 $aPourrat, Pierre,$d<1871-1957>.$0(OLS)http://semarc/name/925 245 13$aIl sacerdozio :$bsecondo la dottrina della scuola francese /$cPierre Pourrat ; versione di Tebaldo Pellizzari. 250 $a3. Ed. 260 $aBrescia :$bMorcelliana,$c1943. 300 $a177 p. ;$c20 cm. 490 0 $aCollezione pastorale 650 4$aSacerdozio - Teologia.$0(OLS)http://semarc/subject/1982 700 1 $aPellizzari, Tebaldo.$0(OLS)http://semarc/name/5670 830 0$aCollezione pastorale.$0(OLS)http://semarc/title/6312 850 $aSeMil 852 $aSeMil$W1$xVenegono$y1$m2E II 122$j15403$B15403$CSeMilBibl$Z2$F15403 $81 961 $aOmaggio: Solaro Parrocchia 996 $6245$aIl sacerdozio :$bsecondo la dottrina della scuola francese$9(OLS)http://semarc/title/74802 996 $6260$aBrescia :$bMorcelliana$9(OLS)http://semarc/publisher/29629